000 00475nam a2200205Ia 4500
003 OSt
005 20230227112310.0
008 210210b1994 xxu||||| |||| 00| 0 eng d
040 _cAL
041 _aEnglish
082 _a657.46 MEHI
100 _aMEHROTRA (H C)
_973393
245 _aIncome tax Law and accounts
250 _a31
260 _aAgra.
_bSahitya Bhavan
_c1994
300 _a7,653,16
690 _aIncome Tax
_973394
906 _a048267
942 _2ddc
_cBK
999 _c97058
_d97058